|
|
|
|
| LEADER |
00000cam a2200000 4500 |
| 001 |
vtls012268598 |
| 003 |
SK-MaSNL |
| 005 |
20260301165954.0 |
| 008 |
241216s2024 xo oab crp 000 0 slo |
| 015 |
|
|
|a SNBA2025/02
|
| 020 |
|
|
|a 9788082802972
|q (brožované)
|
| 040 |
|
|
|a SNK
|b slo
|c SNK
|e rda
|
| 041 |
0 |
|
|a slo
|
| 044 |
|
|
|a xo
|c SK
|
| 072 |
|
7 |
|a 9
|x Geografia. Biografické štúdie. Dejiny
|2 konspekt
|
| 072 |
|
7 |
|a 37.016
|x Učebné osnovy. Vyučovacie predmety. Učebnice
|2 konspekt
|
| 072 |
|
7 |
|a 373.2/.3
|x Predškolská a primárna výchova a vzdelávanie 2konspekt
|2 konspekt
|
| 080 |
|
|
|a 908
|2 2011
|
| 080 |
|
|
|a (075.2)
|2 2011
|
| 100 |
1 |
|
|a Gašparová, Miroslava,
|d 1961-
|4 aut
|9 227840
|
| 245 |
1 |
0 |
|a Vlastiveda
|b pre 4. ročník základných škôl : učebnica
|c Miroslava Gašparová, Jana Krížová
|
| 246 |
3 |
3 |
|a Vlastiveda 4
|b učebnica
|
| 250 |
|
|
|a 1. vydanie
|
| 264 |
|
1 |
|a Bratislava
|b Expol Pedagogika
|c 2024
|
| 300 |
|
|
|a 132 strán
|b fotografie, ilustrácie, mapy
|c 30 cm
|e 1 mapa
|
| 336 |
|
|
|a text
|b txt
|2 rdacontent
|
| 336 |
|
|
|a statický obraz
|b sti
|2 rdacontent
|
| 337 |
|
|
|a bez média
|b n
|2 rdamedia
|
| 338 |
|
|
|a zväzok
|b nc
|2 rdacarrier
|
| 338 |
|
|
|a list
|b nb
|2 rdacarrier
|
| 650 |
0 |
7 |
|a vlastiveda
|2 SNKPH
|9 3887
|
| 650 |
0 |
7 |
|a History and geography
|2 SNKPHeng
|9 265657
|
| 655 |
|
7 |
|a učebnice základných škôl
|2 SNKPH
|9 70187
|
| 655 |
|
7 |
|a Textbooks (elementary)
|2 SNKPHeng
|9 276977
|
| 700 |
1 |
|
|a Krížová, Jana
|4 aut
|
| 700 |
1 |
|
|a Horník, Filip,
|d 1989-
|4 ill
|9 212433
|
| 852 |
|
|
|a Slovenská národná knižnica
|
| 919 |
|
|
|a 978-80-8280-297-2
|
| 954 |
|
|
|a odborná, vedecká literatúra pôvodná (slovenská)
|2 lita
|
| 999 |
|
|
|c 826049
|d 827979
|
| 952 |
|
|
|a SNK
|b SNK
|y PREZ
|7 0
|p 17A1562817
|o snkSB 101025
|i snk2024/18585
|8 0
|3 Obsahuje prílohu: 1 mapa
|z Obsahuje prílohu: 1 mapa
|0 0
|1 0
|4 0
|d 2024-12-16
|l 0
|r 2026-02-24 03:20:51
|w 2026-02-24
|
| 952 |
|
|
|a SNK
|b SNK
|y PREZ
|7 0
|p 17A1562818
|o snkSB 101025/príl.
|i snk2024/18585
|8 0
|z Príloha: 1 mapa
|0 0
|1 0
|4 0
|d 2024-12-16
|l 0
|r 2026-02-24 03:20:51
|w 2026-02-24
|